000 00493pab a2200181 454500
008 180718b2010 xxu||||| |||| 00| 0 eng d
100 _aSobhee, Sanjeev K.
245 _aWould better institutional quality contribute towards reducing the size of government in Sub-Saharan Africa?
260 _c2010
300 _ap.265-278.
362 _aAug
650 _aPublic policy
650 _aGlobalization
650 _aPublic expenditure
773 _aMargin
908 _aN
909 _a89227
999 _c89227
_d89227